Good Governance in India: (Record no. 205567)

MARC details
000 -LEADER
fixed length control field 00806nam a22002057a 4500
005 - DATE AND TIME OF LATEST TRANSACTION
control field 20240905113103.0
010 ## - LCCN (DPL NO)
LC control number ENG-141648
020 ## - INTERNATIONAL STANDARD BOOK NUMBER
International Standard Book Number 9789393934642
Terms of availability 800.00
035 ## - SYSTEM CONTROL NUMBER
System control number EN-125180
037 ## - SOURCE OF ACQUISITION
Source of stock number/acquisition DBAD
082 ## - DEWEY DECIMAL CLASSIFICATION NUMBER
Classification number 364.13230954
Edition number 1
100 ## - MAIN ENTRY--PERSONAL NAME
Personal name Alok, Ashish
245 ## - TITLE STATEMENT
Title Good Governance in India:
Remainder of title E-Commerce, Origin, Concept and Challenges/
Statement of responsibility, etc By Ashish Alok [and] Forword By Tapan Kumar Shandiliya
250 ## - EDITION STATEMENT
Edition statement 1
260 ## - PUBLICATION, DISTRIBUTION, ETC. (IMPRINT)
Place of publication, distribution, etc New Delhi
Name of publisher, distributor, etc Shandilya Publications
Date of publication, distribution, etc 2024
270 ## - ADDRESS
Address 760, Pocket-D, Lok Nayak Puram
City New Delhi
Postal code 110041
Telephone number 9811966858
-- 9560825474
-- 9999770680
Electronic mail address shandilyapublications@gmail.com
-- shandilyabooks@gmail.com
300 ## - PHYSICAL DESCRIPTION
Extent xix,200p.
Dimensions 22cm(Hb)
700 ## - ADDED ENTRY--PERSONAL NAME
Personal name Shandiliya, Tapan Kumar
Relator term Forword
9 (RLIN) 71085
942 ## - ADDED ENTRY ELEMENTS (KOHA)
Source of classification or shelving scheme Dewey Decimal Classification
Item type English Books
Call number suffix ALO
Classification part 364.13230954
Edition 1
Holdings
Withdrawn status Lost status Not for loan Collection code Home library Current library Date acquired Source of acquisition Cost, normal purchase price Full call number Barcode Copy number Cost, replacement price Koha item type
      Non-fiction Shahdara Branch Shahdara Branch 05/09/2024 Delivery of Books Act Division 800.00 ALO 364.13230954 EN-125180 1 800.00 English Books

© Delhi Public Library
Hit Counter
free hit counter